000 00297nam a22001337a 4500
082 _a823
_bSUD/J
100 _aSUDIP
245 _aJACK AND BEANSTALK
246 _aJACK AND BEANSTALK
_bJACK AND BEANSTALK
260 _aTHRISSUR
_bH& C
_c2022
300 _a48
650 _aENGLISH STORY
942 _cBK
999 _c9113
_d9113